Tilastot visalle Maat Kuvittain #3

Klikkaa tästä pelataksesi tätä visaa!

Yleistilastot

  • Tätä visaa on pelattu 59 kertaa
  • Keskiarvotulos 8 / 15

Vastaustilastot

Vastaus% Oikein
Alankomaat
81%
Ranska
81%
Espanja
76%
Tansania / Kenia
70%
Itävalta
68%
Vatikaanivaltio
65%
Yhdysvallat
62%
Quba
57%
Unkari
54%
Jordania
46%
Argentiina
41%
Iran
41%
Irlanti
38%
Kroatia
27%
Taiwan
24%

Tulosjakauma

Persentiili vastausten määrän mukaan

Jokaisen tuloksen saaneiden osuus

Tuloshistoriasi

Et ole pelannut tätä visaa